The Evangelical-Lutheran church in Finland.--2nd rev.ed. (Record no. 42751)

MARC details
000 -LEADER
fixed length control field 00694nam a2200181 a 4500
008 - FIXED-LENGTH DATA ELEMENTS--GENERAL INFORMATION
fixed length control field 100622s1987 ||||||||||||||||| || u
020 ## - INTERNATIONAL STANDARD BOOK NUMBER
International Standard Book Number 9519603611
050 ## - LIBRARY OF CONGRESS CALL NUMBER
Classification number FIN EURO(02)
245 04 - TITLE STATEMENT
Title The Evangelical-Lutheran church in Finland.--2nd rev.ed.
250 ## - EDITION STATEMENT
Edition statement 2nd rev.ed.
260 ## - PUBLICATION, DISTRIBUTION, ETC.
Place of publication, distribution, etc. Finland:
Name of publisher, distributor, etc. The Information Centre of the Evangelical-Lutheran Church of Finland
Date of publication, distribution, etc. 1987
300 ## - PHYSICAL DESCRIPTION
Extent 48p.: ill.
350 ## - PRICE (NR) (BK AM CF MU VM SE) [OBSOLETE]
Price 0.00
650 ## - SUBJECT ADDED ENTRY--TOPICAL TERM
Topical term or geographic name entry element FINLAND--CHURCH HISTORY
650 ## - SUBJECT ADDED ENTRY--TOPICAL TERM
Topical term or geographic name entry element LUTHERAN CHURCH--FINLAND
650 ## - SUBJECT ADDED ENTRY--TOPICAL TERM
Topical term or geographic name entry element CHURCHES
995 ## - RECOMMENDATION 995 [LOCAL, UNIMARC FRANCE]
-- 0.00
-- CBU-MAIN LIBRARY (Kitwe)
-- 1
-- 0.00
-- 1
-- AVAILABLE
-- Jun 22, 2010
-- International Publications
Holdings
Withdrawn status Lost status Source of classification or shelving scheme Damaged status Not for loan Home library Current library Shelving location Date acquired Total Checkouts Full call number Barcode Date last seen Price effective from Koha item type
          CBU-MAIN LIBRARY, KITWE. CBU-MAIN LIBRARY, KITWE.   11/30/2022   FIN EURO(02) Z03006589 11/30/2022 11/30/2022 MONOGRAPH